000 00847nam a2200229Ia 4500
001 10663
003 GE_BSU
008 181216s||||||||xx |||||||||||||| ||und||
020 _a9789941162930
040 _cGE_BSU
080 _a821.353.1.09
100 _aნიკოლეიშვილი,ავთანდილ.
245 _aქართული ლიტერატურა ტ.IV. მეოცე საუკუნე ნაწ.II.
245 _cრედ.ბეგო ბეჟუაშვილი.
260 _aთბილისი.
260 _bსაქართველოს მაცნე.
260 _c2013.
300 _a479გვ;25სმ.
541 _h17ლ.50თ.
653 _aქართული ლიტერატურა ტ.IV. მეოცე საუკუნე ნაწ.II.
942 _cBK
999 _c43914
_d43914